24 bài tập từ vựng /

محفوظ في:
التفاصيل البيبلوغرافية
المؤلف الرئيسي: Đặng Ngọc Tuấn
التنسيق: Sách giấy
اللغة:Vietnamese
منشور في: TP.HCM : Trẻ , 200
الوسوم: إضافة وسم
لا توجد وسوم, كن أول من يضع وسما على هذه التسجيلة!
Thư viện lưu trữ: Thư viện Trường Đại học Đà Lạt
LEADER 00548nam a2200241 4500
001 DLU020017482
005 ##3/29/2001
020 # # |a 978- 
041 # # |a vie 
082 # # |a 428.2  |b DA-T 
100 # # |a Đặng Ngọc Tuấn 
245 # # |a 24 bài tập từ vựng /  |c Đặng Ngọc Tuấn 
260 # # |a TP.HCM :  |b Trẻ ,  |c 200 
300 # # |a 212 tr.;   |c 19 cm. 
992 # # |a 20000 
994 # # |a DLU 
900 # # |a False 
911 # # |a Administrator 
925 # # |a G 
926 # # |a A 
927 # # |a SH 
980 # # |a Thư viện Trường Đại học Đà Lạt